| 000 | 01023cam a22002653a 4500 | ||
|---|---|---|---|
| 001 | 5087 | ||
| 003 | PGUSA | ||
| 005 | 20140828083113.0 | ||
| 008 | 040201s2004||||xxu|||||s|||||000 1 eng d | ||
| 040 |
_aPGUSA _beng |
||
| 042 | _adc | ||
| 050 | 4 | _aPS | |
| 100 | 1 |
_aReeve, Arthur B. _q(Arthur Benjamin), _d1880-1936 |
|
| 245 | 1 | 4 |
_aThe Treasure-Train _h[electronic resource] / _cArthur B. Reeve |
| 260 |
_bProject Gutenberg, _c2004 |
||
| 505 | 0 | _aThe Treasure-train -- The truth-detector -- The soul-analysis -- The mystic poisoner -- The phantom destroyer -- The beauty mask -- The love meter -- The vital principle -- The rubber dagger -- The submarine mine -- The gun-runner -- The sunken treasure. | |
| 506 | _aPublic domain in the USA. | ||
| 516 | _aElectronic text | ||
| 653 | _aNew York (N.Y.) -- Fiction | ||
| 653 | _aDetective and mystery stories, American | ||
| 653 | _aChemistry teachers -- Fiction | ||
| 830 | 0 |
_aProject Gutenberg _v5087 |
|
| 856 | 4 | 0 | _uhttp://www.gutenberg.org/ebooks/5087 |
| 942 | _cEB | ||
| 999 |
_c234416 _d234416 |
||